Every Song by 5 Seconds of Summer - Statistics

General Stats
  • This quiz has been taken 36 times
    15 since last reset
  • The average score is 45 of 108
Answer Stats
Album Song % Correct
5 Seconds of Summer(2014) She Looks So Perfect
100%
Youngblood(2018) Youngblood
100%
Sounds Good Feels Good(2015) She's Kinda Hot
83%
5 Seconds of Summer(2014) English Love Affair
75%
Sounds Good Feels Good(2015) Jet Black Heart
75%
Calm(2020) Teeth
75%
5 Seconds of Summer(2014) Amnesia
58%
Youngblood(Bonus)(2018) Babylon
58%
Youngblood(Bonus)(2018) Best Friend
58%
Calm(2020) No Shame
58%
5 Seconds of Summer(2014) Don't Stop
58%
5 Seconds of Summer(2014) Heartbreak Girl
58%
Calm(2020) Lover of Mine
58%
Sounds Good Feels Good(2015) Money
58%
Calm(2020) Not in the Same Way
58%
Everyone's a Star!(2025) NOT OK
58%
5 Seconds of Summer(2014) 18
50%
5SOS5(2022) Best Friends
50%
5SOS5(Bonus)(2022) Bloodhound
50%
Everyone's a Star!(2025) Boyband
50%
Sounds Good Feels Good(Bonus)(2015) Broken Home
50%
Sounds Good Feels Good(2015) Castaway
50%
Calm(2020) Easier
50%
5 Seconds of Summer(2014) Good Girls
50%
Sounds Good Feels Good(2015) Hey Everybody!
50%
5 Seconds of Summer(2014) Kiss Me Kiss Me
50%
Youngblood(2018) Lie to Me
50%
5SOS5(2022) Me Myself & I
50%
Youngblood(2018) More
50%
5SOS5(2022) Older
50%
Calm(2020) Old Me
50%
Sounds Good Feels Good(2015) Permanent Vacation
50%
Calm(2020) Red Desert
50%
Calm(2020) Thin White Lies
50%
Calm(2020) Wildflower
50%
Youngblood(2018) Woke Up in Japan
50%
5SOS5(2022) Bad Omens
42%
5 Seconds of Summer(2014) Beside You
42%
Calm(2020) Best Years
42%
Youngblood(2018) Better Man
42%
5SOS5(2022) Blender
42%
5SOS5(2022) Caramel
42%
5 Seconds of Summer(Bonus)(2014) Disconnected
42%
Youngblood(2018) Empty Wallets
42%
5 Seconds of Summer(2014) End Up Here
42%
Sounds Good Feels Good(2015) Fly Away
42%
Everyone's a Star!(2025) Ghost
42%
Youngblood(2018) Ghost of You
42%
5SOS5(2022) Haze
42%
Sounds Good Feels Good(2015) Invisible
42%
Youngblood(Bonus)(2018) Meet You There
42%
Sounds Good Feels Good(2015) Outer Space / Carry On
42%
Sounds Good Feels Good(Bonus)(2015) Safety Pin
42%
5SOS5(Bonus)(2022) Tears!
42%
5 Seconds of Summer(Bonus)(2014) Try Hard
42%
Youngblood(2018) Valentine
42%
Sounds Good Feels Good(2015) Vapor
42%
5 Seconds of Summer(Bonus)(2014) Voodoo Doll
42%
Sounds Good Feels Good(2015) Waste the Night
42%
Youngblood(Bonus)(2018) When You Walk Away
42%
Youngblood(2018) Why Won't You Love Me
42%
5SOS5(2022) You Don't Go to Parties
42%
Sounds Good Feels Good(2015) Airplanes
33%
5SOS5(2022) Bleach
33%
Sounds Good Feels Good(2015) Catch Fire
33%
5SOS5(2022) Complete Mess
33%
5 Seconds of Summer(Bonus)(2014) Daylight
33%
5SOS5(2022) Easy for You to Say
33%
5SOS5(Bonus)(2022) Emotions
33%
Everyone's a Star!(2025) Everyone's a Star!
33%
5SOS5(Bonus)(2022) Flatline
33%
Calm(2020) High
33%
Youngblood(2018) If Walls Could Talk
33%
Calm(Bonus)(2020) Kill My Time
33%
Calm(2020) Lonely Heart
33%
5 Seconds of Summer(2014) Long Way Home
33%
Youngblood(2018) Moving Along
33%
5 Seconds of Summer(Bonus)(2014) Never Be
33%
5SOS5(2022) Red Line
33%
Sounds Good Feels Good(2015) San Francisco
33%
Youngblood(2018) Talk Fast
33%
Everyone's a Star!(2025) Telephone Busy
33%
Sounds Good Feels Good(Bonus)(2015) The Girl Who Cried Wolf
33%
Everyone's a Star!(2025) The Rocks
33%
Sounds Good Feels Good(Bonus)(2015) The Space Between a Rock and a Hard Place
33%
Youngblood(2018) Want You Back
33%
5 Seconds of Summer(Bonus)(2014) Wherever You Are
33%
5 Seconds of Summer(Bonus)(2014) Wrapped Around Your Finger
33%
5 Seconds of Summer(2014) Everything I Didn't Say
25%
Everyone's a Star!(2025) Evolve
25%
5 Seconds of Summer(Bonus)(2014) Heartache On the Big Screen
25%
Everyone's a Star!(2025) I'm Scared I'll Never Sleep Again
25%
Everyone's a Star!(2025) istillfeelthesame
25%
Everyone's a Star!(2025) Jawbreaker
25%
5 Seconds of Summer(Bonus)(2014) Just Saying
25%
Sounds Good Feels Good(Bonus)(2015) Lost in Reality
25%
Youngblood(Bonus)(2018) Midnight
25%
5SOS5(Bonus)(2022) Moodswings
25%
Everyone's a Star!(2025) No. 1 Obsession
25%
Sounds Good Feels Good(Bonus)(2015) Over and Out
25%
5 Seconds of Summer(Bonus)(2014) Rejects
25%
Everyone's a Star!(2025) Sick of Myself
25%
5 Seconds of Summer(Bonus)(2014) Social Casualty
25%
Sounds Good Feels Good(Bonus)(2015) Story of Another Us
25%
5SOS5(2022) Take My Hand
25%
5 Seconds of Summer(Bonus)(2014) The Only Reason
25%
Youngblood(Bonus)(2018) Monster Among Men
17%
5 Seconds of Summer(Bonus)(2014) What I Like About You
17%
No matching quizzes found
Score Distribution
Percent of People with Each Score
Percentile by Number Answered
Your Score History
You have not taken this quiz since the last reset